000 00421nam a22001217a 4500
003 SGT
082 _a080
_bS88B
100 _aभिशिकर, चंद्रशेखर परमानन्द
245 _a संघ वृक्ष के बीज डॉक्टर केशवराव हेड गेवार
260 _bसुरुचि प्रकाशन
_c1988
300 _a64
942 _2ddc
_cBK
999 _c31554
_d31554